000 01255nam a2200313 i 4500
001 000047972
003 DO-SdBNP
005 20260422142321.0
007 ta
008 090904s2003 dr f000 0 spa d
040 _aDO-SdBNP
_bspa
_cBNPHU
_erda
041 _aspa
082 4 _a347.729305
_bR426c 1982
_222
110 1 _aRepública Dominicana
_9447
245 1 0 _aCódigo de procedimiento civil y legislación complementaria /
_cTrajano Vidal Potentini.
250 _aquinta edición
264 1 _aSanto Domingo :
_bEditora Dalis,
_c2003.
300 _a364 páginas ;
_c23 cm.
336 _atexto
_btxt
_2rdacontent
337 _asin mediación
_bn
_2rdamedia
338 _avolumen
_bnc
_2rdacarrier
500 _aIncluye referencias bibliográficas y notas al pie de las páginas
505 0 _aLeyes no. 834, 845 (mod. por la ley 38-98), 3726 de casación, 821 de organización judicial --
_t(Mod. por ley 50-00), 91 del Colegio de Abogados, 58-88, decreto 3347 y leyes 38-98 y 50-00).
590 _aInventariado, 2018/VM
650 4 _aDerecho civil
_xLegislación
_zRepública Dominicana
_96943
650 4 _aProcedimiento civil
_xLegislación
_zRepública Dominicana
_911714
650 4 _aLeyes
_zRepública Dominicana
_93033
942 _2ddc
_cLBS1
999 _c47460
_d47460